Public health expenditure in India, 1991-2009: growth and instability (Record no. 108953)

000 -LEADER
fixed length control field 00492pab a2200181 454500
008 - FIXED-LENGTH DATA ELEMENTS--GENERAL INFORMATION
fixed length control field 180718b2015 xxu||||| |||| 00| 0 eng d
100 ## - MAIN ENTRY--PERSONAL NAME
Personal name Sa, Sachita Nanda
245 ## - TITLE STATEMENT
Title Public health expenditure in India, 1991-2009: growth and instability
260 ## - PUBLICATION, DISTRIBUTION, ETC.
Date of publication, distribution, etc. 2015
300 ## - PHYSICAL DESCRIPTION
Extent p.103-122.
362 ## - DATES OF PUBLICATION AND/OR SEQUENTIAL DESIGNATION
Dates of publication and/or sequential designation Jun
650 ## - SUBJECT ADDED ENTRY--TOPICAL TERM
Topical term or geographic name entry element Health services - India
650 ## - SUBJECT ADDED ENTRY--TOPICAL TERM
Topical term or geographic name entry element Public health - India
650 ## - SUBJECT ADDED ENTRY--TOPICAL TERM
Topical term or geographic name entry element Public health
700 ## - ADDED ENTRY--PERSONAL NAME
Personal name Sridevi, G.
773 ## - HOST ITEM ENTRY
Main entry heading Man and Development
909 ## -
-- 108958
Holdings
Withdrawn status Lost status Damaged status Not for loan Permanent Location Current Location Date acquired Serial Enumeration / chronology Barcode Date last seen Price effective from Koha item type
        Indian Institute of Public Administration Indian Institute of Public Administration 2018-07-19 Volume no: 37, Issue no: 2 AR109418 2018-07-19 2018-07-19 Articles

Powered by Koha